| 000 | 01683nam0a2200301 4500 | ||
|---|---|---|---|
| 001 | RU\NLR\b_ik\97879 | ||
| 005 | 20250616225004.0 | ||
| 035 | _a(NLR Aleph) 002171826 | ||
| 090 |
_a2664817 _c2664816 |
||
| 100 | _a20030513d2001 |||y0rusy50 ca | ||
| 101 | 0 |
_aeng _drus |
|
| 102 | _aRU | ||
| 105 | _ay ||||||||| | ||
| 200 | 1 |
_aDAQ system for high energy polarimeter at the LHE, JINR: implementation based on the qdpb (data processing with branchpoints) system _fA.Yu. Isupov |
|
| 210 |
_aDubna _cJoint inst. for nuclear research _d2001 |
||
| 215 |
_a15 с. _d22 |
||
| 225 | 1 |
_aСообщения Объединенного института ядерных исследований, Дубна _vЕ10-2001-198 |
|
| 300 | _aНа 3-й с. обл.: Реализация системы сбора данных для высокоэнергетического поляриметра ЛВЭ ОИЯИ на основе системы qdpb (система обработки данных с точками ветвления) / Исупов А.Ю. | ||
| 300 | _aРез. на рус. яз. | ||
| 320 | _aБиблиогр.: с. 14-15 (7 назв.) | ||
| 517 | 0 | _aРеализация системы сбора данных для высокоэнергетического поляриметра ЛВЭ ОИЯИ на основе системы qdpb (система обработки данных с точками ветвления) | |
| 606 | 0 |
_aПоляриметры _xОбработка данных _92319543 _3RU\NLR\AUTH\661387730 |
|
| 686 | 4 | _aВ381.5 | |
| 700 | 1 |
_aIsupov _bA. Ju. _4070 |
|
| 801 | 0 |
_aRU _bNLR _c20030513 _gPSBO |
|
| 942 | _cBOOK | ||
| 980 | _aNB | ||